|
|
|
|
| LEADER |
00000nam0a2200000 4500 |
| 001 |
27524 |
| 005 |
20231101205811.0 |
| 010 |
|
|
|a 583160067X
|
| 035 |
|
|
|a (RuTPU)RU\TPU\book\27775
|
| 035 |
|
|
|a BOOK00027850
|
| 090 |
|
|
|a 27524
|
| 100 |
|
|
|a 20011209d2001 m y0rusy50 ca
|
| 101 |
0 |
|
|a rus
|
| 102 |
|
|
|a RU
|
| 105 |
|
|
|a y j 000zy
|
| 200 |
1 |
|
|a Экономическая теория
|a Общие основы и особенности России
|e учебное пособие
|f Московский государственный социальный университет; под ред. И. К. Ларионова
|
| 210 |
|
|
|a Москва
|c Дашков и К
|d 2001
|
| 215 |
|
|
|a 604 с.
|
| 606 |
|
|
|a Экономическая теория
|2 stltpush
|3 (RuTPU)RU\TPU\subj\26589
|9 50481
|
| 610 |
1 |
|
|a экономика
|
| 610 |
1 |
|
|a экономические кризисы
|
| 610 |
1 |
|
|a бизнес
|
| 610 |
1 |
|
|a предпринимательство
|
| 610 |
1 |
|
|a учебные пособия
|
| 686 |
|
|
|a У011я73
|v LBC/SL-A
|2 rubbk
|
| 702 |
|
1 |
|a Ларионов
|b И. К.
|g Игорь Константинович
|4 340
|
| 712 |
0 |
2 |
|a Московский государственный социальный университет
|2 stltpush
|3 (RuTPU)RU\TPU\col\171
|
| 801 |
|
0 |
|a RU
|b 63413507
|c 20011209
|g PSBO
|
| 801 |
|
2 |
|a RU
|b 63413507
|c 20221205
|g PSBO
|
| 942 |
|
|
|c BK
|